[Event "NOR-chB"]
[Site "Oslo"]
[Date "2023.07.07"]
[Round "8"]
[White "Lange, David"]
[Black "Menzel, Maximillian"]
[Result "1/2-1/2"]
[WhiteElo "1987"]
[BlackElo "1855"]
[PlyCount "61"]
[EventDate "2023.06.30"]
[EventType "swiss"]
[EventRounds "9"]
[EventCountry "NOR"]
[SourceTitle "EXT 2024"]
[Source "ChessBase"]
[SourceDate "2023.10.10"]
[SourceVersion "1"]
[SourceVersionDate "2023.10.10"]
[SourceQuality "1"]

1. d4 Nf6 2. c4 e6 3. Nf3 b6 4. g3 Ba6 5. Qc2 Bb7 6. Bg2 c5 7. 0-0 Nc6 8. dxc5 Bxc5 9. Nc3 0-0 10. Bf4 d5 11. cxd5 Nb4 12. Qb1 Nbxd5 13. Nxd5 Bxd5 14. b4 Bd6 15. Bxd6 Qxd6 16. Qb2 Rac8 17. Rac1 b5 18. Rfd1 Qa6 19. a3 Qb7 20. Rxc8 Rxc8 21. Rc1 Rc4 22. Ne1 Bxg2 23. Nxg2 Nd5 24. Rxc4 bxc4 25. e4 Nb6 26. Qd4 h6 27. Ne3 Qc6 28. f3 Qa4 29. Nxc4 Nxc4 30. Qxc4 Qxa3 31. Kg2 1/2-1/2